00567nam a2200193 i 4500001000300000100001800003245011300021260002900134490002200163700001900185830002200204040000800226041000800234080001700242942000700259008004100266999001700307952004900324bg1 aBOYD, John R. 0aBefore book one :blistening activities for prebeginning students of English /cJohn R. Boyd, Mary Ann Boyd. aEnglewood Cliffs,c1991.1 aTeachers' Edition1 aBOYD, Mary Ann aTeachers' Edition cBPK apol a802.0(075.8) cKS s pl f |000 0 pol  c29538d29538 00104070aBPKbBPKcwo35746p01422504yKS